UK counties without motorways - Statistics

General Stats
  • This quiz has been taken 489 times
  • The average score is 5 of 9
Answer Stats
Answer % Correct
Cornwall
90%
Norfolk
68%
Rutland
67%
Suffolk
66%
Dorset
56%
Northumberland
52%
Isle of Wight
44%
East Sussex
33%
City of London
28%
No matching quizzes found
Score Distribution
Percent of People with Each Score
Percentile by Number Answered
Your Score History
You have not taken this quiz